LEADER 01896oam 2200445 450 001 9910326252603321 005 20231213182737.0 010 $a1-83962-120-6 010 $a1-78985-808-9 035 $a(CKB)4100000008408560 035 $a(NjHacI)994100000008408560 035 $a(oapen)https://directory.doabooks.org/handle/20.500.12854/56033 035 $a(EXLCZ)994100000008408560 100 $a20221012d2019 uy 0 101 0 $aeng 135 $aur||||||||||| 181 $ctxt$2rdacontent 182 $cc$2rdamedia 183 $acr$2rdacarrier 200 00$aPersistent organic pollutants /$fStephen Kudom Donyinah, editor 210 1$a[London] :$cIntechOpen,$d[2019] 210 4$d©2019 215 $a1 online resource (97 pages) $cillustrations 311 0 $a1-78985-807-0 330 $aThis book consists of four technical articles and an introduction that discusses the characteristics of persistent organic pollutant (POP) behavior, covering organic matter in lake sediments, degradation pathways of POPs and specific pesticides, and the adaptation mechanisms of bacteria. The contributing articles are from authors with different backgrounds and specialties from reputable organizations and institutions. The book analyzes the effects of POPs and their characteristic behavior in different environments. Readers will hopefully gain interesting knowledge from this book. 606 $aOrganic water pollutants 606 $aPersistent pollutants 610 $aLife Sciences 610 $aEnvironmental Pollution 610 $aEnvironmental Sciences 615 0$aOrganic water pollutants. 615 0$aPersistent pollutants. 676 $a628.16 702 $aDonyinah$b Stephen Kudom 801 0$bNjHacI 801 1$bNjHacl 906 $aBOOK 912 $a9910326252603321 996 $aPersistent Organic Pollutants$92208729 997 $aUNINA LEADER 02256nam 22005415 450 001 9910554217303321 005 20231110223014.0 010 $a9783110695557 010 $a3110695553 024 7 $a10.1515/9783110695557 035 $a(CKB)5400000000009444 035 $a(DE-B1597)546030 035 $a(DE-B1597)9783110695557 035 $a(MiAaPQ)EBC7164099 035 $a(Au-PeEL)EBL7164099 035 $a(OCoLC)1356574695 035 $a(EXLCZ)995400000000009444 100 $a20211027h20212021 fg 101 0 $ager 135 $aur||||||||||| 181 $ctxt$2rdacontent 182 $cc$2rdamedia 183 $acr$2rdacarrier 200 10$aDiskrete Mathematik $eGrundlage der Informatik /$fWalter Hower 205 $a2., erweiterte und verbesserte Auflage 210 1$aMünchen ;$aWien : $cDe Gruyter Oldenbourg, $d[2021] 210 4$d©2021 215 $a1 online resource (XIV, 133 p.) 225 0 $aDe Gruyter Studium 311 08$a9783110695540 311 08$a3110695545 327 $tFrontmatter -- $tVorspann zur 2. Auflage -- $tVorwort zur 1. Auflage -- $tInhaltsverzeichnis -- $t0 Einführung -- $t1 Grundstock -- $t2 Mengen-Lehre -- $t3 Boolesche Algebra -- $t4 Beweis-Prinzipien -- $t5 Zähl-Techniken -- $t6 Wahrscheinlichkeits-Theorie -- $tA Anhang -- $tB Bonus-Track -- $tLiteraturverzeichnis -- $tRegister 330 $aDiscrete mathematics is one of the principles of informatics. This sub-area of mathematics enables students to memorize these principles quickly and transfer them to practice. 330 $aDiskrete Mathematik zählt zu den Grundlagen der Informatik. Dieses Teilgebiet der Mathematik ermöglicht den Studierenden, diese Grundlagen schnell zu verinnerlichen und den Praxistransfer zu bewerkstelligen. 410 3$aDe Gruyter Studium 606 $aCOMPUTERS / General$2bisacsh 610 $aInformatics. 610 $adiscrete mathematics. 610 $anumber theory. 610 $aprobability. 615 7$aCOMPUTERS / General. 700 $aHower$b Walter, $4aut$4http://id.loc.gov/vocabulary/relators/aut$01223697 801 0$bDE-B1597 801 1$bDE-B1597 906 $aBOOK 912 $a9910554217303321 996 $aDiskrete Mathematik$92839574 997 $aUNINA